Statistics for Countries That Banned The Texas Chainsaw Massacre

Click here to take the quiz!

General Stats

  • This quiz has been taken 22 times
  • The average score is 11 of 12

Answer Stats

ContinentCountry% Correct
South AmericaBrazil
100%
South AmericaChile
100%
EuropeIreland
100%
EuropeNorway
100%
EuropeSweden
100%
EuropeUnited Kingdom
100%
OceaniaAustralia
95%
EuropeFinland
95%
EuropeFrance
95%
EuropeGermany
95%
EuropeIceland
84%
AsiaSingapore
53%

Score Distribution

Percentile by Number Answered

Percent of People with Each Score

Your Score History

You have not taken this quiz